[Event "GRE-chT 42nd"]
[Site "Porto Rio"]
[Date "2014.06.30"]
[Round "4.9"]
[White "Valianos, Gerasimos"]
[Black "Kamitsis, Nikolaos"]
[Result "1-0"]
[WhiteElo "1655"]
[BlackElo "1612"]
[PlyCount "159"]
[EventDate "2014.06.28"]
[EventType "team-swiss"]
[EventRounds "7"]
[EventCountry "GRE"]
[SourceTitle "CBM 161 Extra"]
[Source "ChessBase"]
[SourceDate "2014.08.29"]
[SourceVersion "1"]
[SourceVersionDate "2014.08.29"]
[SourceQuality "1"]
[WhiteTeam "Alexandroupolis Ethnikos"]
[BlackTeam "Korydallos"]
[WhiteTeamCountry "GRE"]
[BlackTeamCountry "GRE"]

1. e4 c5 2. Ne2 Nc6 3. c4 e6 4. Nbc3 a6 5. g3 Qc7 6. Bg2 Nf6 7. 0-0 Be7 8. d4 cxd4 9. Nxd4 0-0 10. Be3 Nxd4 11. Qxd4 e5 12. Qd3 b6 13. Nd5 Nxd5 14. cxd5 b5 15. Rfc1 Qb8 16. f4 f6 17. a4 b4 18. a5 Bb7 19. Bh3 Bc8 20. Qc4 d6 21. f5 Bd8 22. Ra4 Qb5 23. Qxb5 axb5 24. Rxb4 Bxa5 25. Rxb5 Bd7 26. Rb7 Bc8 27. Ra7 Bd2 28. Rxg7+ Kxg7 29. Bxd2 Bb7 30. Bb4 Rfc8 31. Re1 Ra6 32. Bf1 Rb6 33. Bc3 Ba6 34. Ba5 Rxb2 35. Bxa6 Ra8 36. Bc3 Rb3 37. Bxe5 fxe5 38. Bf1 Rab8 39. Rc1 R8b7 40. Kg2 Re3 41. Rc4 Re1 42. Kf2 Ra1 43. Rc2 Rab1 44. Be2 R1b2 45. Rc6 R2b6 46. Ba6 Rxc6 47. dxc6 Rb2+ 48. Ke3 Rc2 49. Bb7 Kf6 50. g4 h6 51. h4 Rc4 52. Kf3 Rc3+ 53. Ke2 Rc4 54. g5+ hxg5 55. h5 Rc3 56. h6 g4 57. Kf2 Rf3+ 58. Kg2 Rc3 59. Kh2 Rh3+ 60. Kg1 Rc3 61. Kg2 Kf7 62. Bc8 Kg8 63. f6 Rxc6 64. Bf5 Rb6 65. Bg6 Rb8 66. Kg3 Ra8 67. Kxg4 Rb8 68. Kf5 Rd8 69. Ke6 Ra8 70. Kxd6 Ra6+ 71. Kxe5 Ra5+ 72. Kf4 Ra6 73. e5 Ra4+ 74. Kf5 Ra5 75. Be8 Ra7 76. Kg6 Rg7+ 77. Kf5 Rh7 78. e6 Rxh6 79. e7 Rh2 80. Bg6 1-0

[Event "Athens Kaisariani op 1st"]
[Site "Athens"]
[Date "2013.12.21"]
[Round "1"]
[White "Nikolaou, Georgios"]
[Black "Kamitsis, Nikolaos"]
[Result "1-0"]
[WhiteElo "2278"]
[BlackElo "1594"]
[PlyCount "43"]
[EventDate "2013.12.21"]
[EventType "swiss"]
[EventRounds "9"]
[EventCountry "GRE"]
[SourceTitle "EXT 2015"]
[Source "ChessBase"]
[SourceDate "2014.11.20"]
[SourceVersion "1"]
[SourceVersionDate "2014.11.20"]
[SourceQuality "1"]

1. Nf3 Nf6 2. c4 c5 3. g3 d5 4. cxd5 Nxd5 5. Nc3 Nc6 6. Bg2 Nc7 7. 0-0 e5 8. a3 f6 9. e3 Be7 10. Re1 0-0 11. d4 cxd4 12. exd4 exd4 13. Ne2 Bc5 14. b4 Bb6 15. Bb2 Bg4 16. Nf4 Kh8 17. h3 Bc8 18. Qb3 a6 19. Rad1 Qd7 20. Re4 Re8 21. Ng6+ hxg6 22. Rh4# 1-0

[Event "Athens op 03-A"]
[Site "Athens"]
[Date "2012.03.20"]
[Round "3"]
[White "Kamitsis, Nikolaos"]
[Black "Prevenios, Mihail"]
[Result "1/2-1/2"]
[WhiteElo "1582"]
[BlackElo "1935"]
[PlyCount "156"]
[EventDate "2012.03.06"]
[EventType "swiss"]
[EventRounds "7"]
[EventCountry "GRE"]
[SourceTitle "EXT 2014"]
[Source "ChessBase"]
[SourceDate "2013.11.20"]
[SourceVersion "1"]
[SourceVersionDate "2013.11.20"]
[SourceQuality "1"]

1. e4 g6 2. d4 Bg7 3. Nf3 c5 4. c4 cxd4 5. Nxd4 Nf6 6. Nc3 d6 7. Be3 Nc6 8. f3 0-0 9. Qd2 Qa5 10. 0-0-0 Nxd4 11. Bxd4 Be6 12. Kb1 Rfc8 13. Nd5 Qxd2 14. Rxd2 Bxd5 15. cxd5 Bh6 16. Rd1 Nd7 17. g3 Rc7 18. Bd3 Rac8 19. Rhe1 Nc5 20. Bxc5 Rxc5 21. h4 Bg7 22. Rc1 Bd4 23. Rxc5 dxc5 24. Re2 a6 25. a4 c4 26. Bc2 b5 27. axb5 Rb8 28. Bd1 Rxb5 29. Rg2 a5 30. Rd2 Be5 31. f4 c3 32. Re2 Bd4 33. b3 a4 34. Ka2 axb3+ 35. Bxb3 Ra5+ 36. Kb1 Ra1+ 37. Kc2 Rg1 38. Kd3 Bb6 39. Kxc3 Rxg3+ 40. Kc2 Bc7 41. e5 Rg4 42. Rd2 Rxf4 43. d6 exd6 44. exd6 Bd8 45. Re2 Bxh4 46. d7 Rd4 47. Rd2 Rxd2+ 48. Kxd2 Kf8 49. Ke3 Ke7 50. Kf3 f6 51. Bg8 h5 52. Bh7 g5 53. Bg6 g4+ 54. Kg2 Kxd7 55. Bxh5 f5 56. Bg6 Ke6 57. Be8 Ke5 58. Bc6 Kf4 59. Bd7 Kg5 60. Bc6 Be1 61. Bd7 Bb4 62. Bc6 Bd6 63. Bd7 Kf4 64. Bc8 Ke4 65. Bb7+ Ke3 66. Bc8 Kf4 67. Bb7 Kg5 68. Bc8 f4 69. Bb7 Kf5 70. Bc8+ Kg5 71. Bb7 Bc5 72. Bc6 Kf6 73. Bb7 Ke5 74. Bc6 Be7 75. Bd7 f3+ 76. Kg3 Bh4+ 77. Kxg4 f2 78. Bb5 Be7 1/2-1/2

[Event "GRE-ch U12"]
[Site "Eretria"]
[Date "2011.06.26"]
[Round "2.2"]
[White "Kamitsis, Nikolaos"]
[Black "Ioannidis, Evgenios"]
[Result "0-1"]
[WhiteElo "1593"]
[BlackElo "1811"]
[PlyCount "86"]
[EventDate "2011.06.25"]
[EventType "swiss"]
[EventRounds "9"]
[EventCountry "GRE"]
[SourceTitle "EXT 2024"]
[Source "ChessBase"]
[SourceDate "2023.10.10"]
[SourceVersion "1"]
[SourceVersionDate "2023.10.10"]
[SourceQuality "1"]

1. e4 c6 2. d4 d5 3. Nc3 dxe4 4. Nxe4 Bf5 5. Ng3 Bg6 6. h4 h6 7. Nf3 Nd7 8. h5 Bh7 9. Bd3 Bxd3 10. Qxd3 e6 11. Bd2 Ngf6 12. c4 Be7 13. a3 Qc7 14. Bc3 0-0 15. 0-0 Bd6 16. Ne4 Nxe4 17. Qxe4 Nf6 18. Qh4 Be7 19. Rfe1 b5 20. c5 Nd5 21. Qe4 Bf6 22. Ne5 Bxe5 23. Qxe5 Qxe5 24. Rxe5 a5 25. Ree1 Rfd8 26. a4 b4 27. Bd2 Nf6 28. Be3 Nxh5 29. Rad1 Rd5 30. Rd2 Rad8 31. Red1 f5 32. f3 f4 33. Bf2 Kf7 34. Re2 g5 35. Rde1 Ng7 36. Kf1 Re8 37. Rd2 Nf5 38. Re4 e5 39. Ke2 exd4 40. Rxe8 Kxe8 41. Kd3 Rxc5 42. Ke4 Rd5 43. Rd3 Nd6# 0-1